000 00582nam a2200205 u 4500
005 20260205064038.0
008 090701s1991 es r 000 0 spa d
020 _a8486526035
035 _aUPN01000171565
049 _aCG
050 4 _aHF5381.7
_bC8.3
245 0 0 _aCuestionario psicotécnico /
_cdir. Alfonso Blanco Picabía.
260 _aMadrid :
_bMAD,
_c1991.
300 _a550 p. :
_bil.
650 2 _aSelección de personal
_96517
650 4 _aPruebas de aptitud
_91418
650 4 _aPsicometría
_99969
700 1 _aBlanco Picabía, Alfonso,
_edir.
905 _aLibro
999 _c143670
_d143670